000 00323nam a2200121Ia 4500
008 240731s9999 xx 000 0 und d
022 _a1932-0256
245 0 _aJournal of Hunger & Environmental Nutrition
260 _bTaylor & Francis
856 _uhttps://www.tandfonline.com/loi/when20
942 _2ddc
942 _cTFEJ
999 _c77821
_d77821
945 _a1
_bMadushi Gamage
_c1
_dMadushi Gamage